000 00410nam a2200145 i 4500
001 87196
003 ES-MaACL
007 t|
008 041220s1901 ddr ||||1| ger d
100 1 _aKoerting, Gustav.
_968456
245 1 0 _aLateinish-Romanisches wörter buch /
_cvon Gustav Koerting.
260 _aPaderbova :
_bFerdinand Schöning,
_c1901.
300 _aVI, 1252 p. ;
_c27 cm.
852 _aES-MaACL
_jB-4738
999 _c87196
_d87196